000 01262nam a22003617a 4500
003 CHAP
005 20220329141304.0
008 971010s1981 r 00010 d
010 _a65832
011 _a66804
035 _a75779
040 _cCHAP
090 _aTesis
100 0 0 _aCruz Majluf, Salvador.
_929490
245 _aDistrito de riego No. 19
_b: crítica a la acción institucional
260 _aChapingo, Méx. :
_bEl autor,
_c1981
300 _a66 h.
_b; láms.
502 _aTesis (Ing. Agr. Esp. en Economía Agrícola) -- UACH. Departamento de Economía agrícola
590 _aALEPH
_b10
_c20130110
_lUCH01
_h1358
590 _aBATCH-UPD
_b10
_c20130110
_lUCH01
_h0013
590 _aBATCH-UPD
_b10
_c20130110
_lUCH01
_h1557
590 _aBATCH-UPD
_b10
_c20130410
_lUCH01
_h0955
590 _aBATCH-UPD
_b10
_c20130914
_lUCH01
_h1106
590 _aCONVERSION
_b10
_c20130109
_lUCH01
_h1336
650 1 4 _aDistrito de Riego Tehuantepec, Oax.
_932943
650 1 4 _aPolítica hidráulica
_xMéxico.
_990663
901 _aBK
942 _cFOLL
949 _bBC
_cTES
_d-146082
_eTS1
_i75779
_si
949 _bBC
_cTES
_d-146083
_eTS2
_fc.2
_i75779
_si
949 _bBC
_cTES
_d-146084
_eTS2
_fc.3
_h21779
_i75779
_si
949 _bZA
_cTESBD
_d-8747
_eTS1
_h350
_i75779
_si
999 _c65832
_d65832